[Event "Ch World (juniors) (under 16)"]
[Site "Maribor (Slovenia)"]
[Date "2012.11.09"]
[Round "2"]
[White "Chigaev Maksim (RUS)"]
[Black "Kvetny Mark (GER)"]
[Result "1-0"]
[WhiteElo "2464"]
[BlackElo "2201"]

1.c4 c5 2.Nc3 Nc6 3.Nf3 g6 4.e3 Nf6 5.d4 cxd4 6.exd4 d5 7.cxd5 Nxd5 8.Qb3 Nxc3
9.Bc4 Nd5 10.Bxd5 e6 11.Bxc6+ bxc6 12.O-O Qd5 13.Qc3 Bg7 14.Bf4 O-O 15.Qe3 Rd8
16.Rfc1 Bxd4 17.Nxd4 Qxd4 18.Qxd4 Rxd4 19.Be3 Rd7 20.Rxc6 Bb7 21.Rc3 Rad8
22.f3 f6 23.Kf2 Bd5 24.Ra3 Rc8 25.b3 Rcc7 26.Rc1 Rxc1 27.Bxc1 Rc7 28.Be3 e5
29.Rxa7 Rc2+ 30.Kg3 f5 31.Bh6 f4+ 32.Kh3 Be6+ 33.g4 Bd5 34.Rg7+ Kh8 35.Rd7 Be6
36.Re7 Bd5 37.Rxe5 Bf7 38.Re7 Bd5 39.Rd7 Be6 40.Rd8+ Bg8 41.Bxf4 Kg7 42.Rd2
{#r} 1-0

[Event "It "]
[Site "Santos (Argentina)"]
[Date "2012.12.11"]
[Round "2"]
[White "Flores Diego (ARG)"]
[Black "Abdalla Luiz Guilherme Aurelli (BRA)"]
[Result "1-0"]
[WhiteElo "2599"]
[BlackElo "2322"]

1.c4 c5 2.Nc3 Nc6 3.Nf3 e5 4.a3 g6 5.g3 Bg7 6.Bg2 d6 7.O-O Nge7 8.b4 e4 9.Ne1
f5 10.Bb2 O-O 11.d3 Be6 12.Rb1 exd3 13.exd3 f4 14.Ne4 Bxb2 15.Rxb2 cxb4
16.axb4 d5 17.Ng5 Bf5 18.c5 Nd4 19.Nef3 Nec6 20.b5 Qf6 21.Nxd4 Nxd4 22.Bxd5+
Kh8 23.Rb4 Rad8 24.Ne4 Qe5 25.Bxb7 Bxe4 26.Bxe4 Qxc5 27.Ra4 Nxb5 28.Qa1+ Kg8
29.Ra5 Qb6 30.Rb1 fxg3 31.Qa2+ Kh8 32.hxg3 {#r} 1-0

[Event "Tournament (open) "]
[Site "Barcelona (Spain)"]
[Date "2013.02.14"]
[Round "5"]
[White "Serrano Pertinez Miquel (ESP)"]
[Black "Fernandez Madrid Carlos (ESP)"]
[Result "0-1"]
[WhiteElo "2123"]
[BlackElo "2138"]

1.c4 c5 2.Nc3 Nc6 3.Nf3 g6 4.e3 Bg7 5.d4 b6 6.d5 Na5 7.Bd2 Nf6 8.e4 d6 9.Bd3
O-O 10.O-O e6 11.dxe6 fxe6 12.Qe2 Nc6 13.a3 Nh5 14.Bg5 Bf6 15.Bh6 Bg7 16.Bg5
Bf6 17.Bh6 Bg7 18.Qd2 Bxh6 19.Qxh6 Qf6 20.Rad1 Nd4 21.Ng5 Qg7 22.Qxg7+ Nxg7
23.e5 dxe5 24.Rfe1 Ba6 25.Rxe5 Rad8 26.Bf1 h6 27.Nh3 g5 28.f3 Nb3 29.Re3 Rxd1
30.Nxd1 Rd8 31.Nhf2 Nd4 32.Bd3 Ngf5 33.Re5 Nd6 34.Ne3 Nf7 35.Re4 Bb7 36.Rg4
Ne5 37.Be4 Nxg4 38.Nfxg4 Bxe4 39.fxe4 Kg7 40.b4 Ne2+ 41.Kf2 Nf4 42.g3 Nd3+
43.Kf3 {#R} 0-1

[Event "Extraliga 2012/13"]
[Site "Czech Republic"]
[Date "2013.02.16"]
[Round "5"]
[White "Heberla Bartlomiej (POL)"]
[Black "Jasny Stanislav (CZE)"]
[Result "1-0"]
[WhiteElo "2556"]
[BlackElo "2320"]

1.c4 c5 2.Nc3 Nc6 3.Nf3 g6 4.e3 d6 5.d4 Bg4 6.Be2 Bg7 7.d5 Bxf3 8.gxf3 Ne5
9.f4 Nd7 10.Qc2 Nh6 11.h4 Nf5 12.h5 a6 13.Bd2 Qc7 14.Bd3 e6 15.O-O-O O-O-O
16.Rdg1 Nf6 17.dxe6 fxe6 18.hxg6 hxg6 19.Rxh8 Rxh8 20.Rxg6 Rh1+ 21.Nd1 Nh4
22.Rg3 Nh5 23.Rg5 Nf3 24.Be4 Nxg5 25.Bxh1 Nh7 26.Bc3 N5f6 27.Qg6 Nf8 28.Qg5
Qf7 29.Bf3 N8d7 30.b3 b5 31.Be2 b4 32.Ba1 Nb6 33.Qg2 Kc7 34.Bd3 a5 35.Kc2 a4
36.bxa4 d5 37.Be5+ Kc8 38.f5 Qd7 39.Nb2 dxc4 40.Bxc4 exf5 41.a5 b3+ 42.Kxb3
Nbd5 43.Bxd5 Qb5+ 44.Kc2 Qe2+ 45.Kc1 Ne4 46.Bxe4 Bxe5 47.Qg8+ {#r} 1-0

[Event "Tournament (open) "]
[Site "Barcelona (Spain)"]
[Date "2013.03.07"]
[Round "8"]
[White "Martorell Aguado Joan (ESP)"]
[Black "Anguera Maestro Jaime (ESP)"]
[Result "0-1"]
[WhiteElo "2110"]
[BlackElo "2163"]

1.c4 c5 2.Nc3 Nc6 3.Nf3 g6 4.e3 d6 5.d4 cxd4 6.exd4 Bg4 7.Be2 Bg7 8.Be3 Nf6
9.O-O O-O 10.h3 Bf5 11.d5 Nb8 12.Nd4 Bc8 13.Qd2 Nbd7 14.b4 Re8 15.Rac1 Nf8
16.Rfd1 Bd7 17.c5 Rc8 18.c6 bxc6 19.dxc6 Bxc6 20.Nxc6 Rxc6 21.Bb5 Qa8 22.Bxc6
Qxc6 23.Bxa7 Qb7 24.Bd4 Qxb4 25.Bxf6 Bxf6 26.Nd5 Qh4 27.g3 Qxh3 28.Nxf6+ exf6
29.Qxd6 Ne6 30.Qc6 Rf8 31.Rc4 Qf5 32.Qe4 Qa5 33.a4 Ng5 34.Qd5 Qa7 35.Rdc1 Kg7
36.a5 Re8 37.Rc7 Qa6 38.R7c6 Qe2 39.R6c2 Qg4 40.Rc3 Re5 41.Qa8 Rf5 42.f4 Rxf4
43.a6 Nh3+ 44.Kh1 Rf2 45.Qa7 Qe2 46.Qxf2 Nxf2+ 47.Kg1 Ng4 48.R1c2 Qxa6 49.Kg2
Qe6 50.Rc6 Ne3+ 51.Kh2 Nxc2 {#R} 0-1

[Event "Tournament (open)"]
[Site "Bogota (Colombia)"]
[Date "2013.03.23"]
[Round "2"]
[White "Lozano Nestor Favian (COL)"]
[Black "Prado Leonardo (COL)"]
[Result "1-0"]
[WhiteElo "2165"]
[BlackElo "1938"]

1.c4 c5 2.Nc3 Nc6 3.g3 e5 4.Bg2 Nf6 5.Nf3 d6 6.O-O Be7 7.d3 O-O 8.Bg5 Rb8 9.a3
a6 10.Bxf6 Bxf6 11.Nd2 Bd7 12.Nd5 Be7 13.Ne4 Re8 14.Rb1 Nd4 15.e3 Ne6 16.b4
Bf8 17.bxc5 {#r} 1-0

[Event "Ch Kyrgyzstan"]
[Site "Bishkek (Kyrgyzstan)"]
[Date "2013.05.13"]
[Round "5"]
[White "Shabdanov M (KGZ)"]
[Black "Taalaibekov Tagir (KGZ)"]
[Result "1-0"]
[WhiteElo "2011"]
[BlackElo "1927"]

1.c4 c5 2.Nc3 Nc6 3.Nf3 e5 4.e3 d6 5.d4 Bg4 6.d5 Nce7 7.Be2 Nf6 8.Nxe5 Bxe2
9.Qa4+ Nd7 10.Nxd7 Qxd7 11.Qxd7+ Kxd7 12.Kxe2 g6 13.Bd2 Bg7 14.Rab1 a6 15.Na4
Nc8 16.Bc3 f6 17.b3 b5 18.Nb2 b4 19.Bd2 f5 20.Na4 Kc7 21.Bc1 Nb6 22.Nxb6 Kxb6
23.Bb2 Bxb2 24.Rxb2 a5 25.a4 Rae8 26.g3 g5 27.h4 g4 28.Kd3 Re4 29.Re2 h5
30.Rf1 Rhe8 31.f3 R4e5 32.fxg4 fxg4 33.Rf7 Rd8 34.e4 Rde8 35.Rd7 Rf8 36.Rxd6+
Kb7 37.Rc6 Rf3+ 38.Re3 Rf2 39.Rxc5 Rb2 40.Kd4 {#r} 1-0

[Event "It "]
[Site "Albena (Bulgaria)"]
[Date "2013.06.06"]
[Round "6"]
[White "Guempel Viktor (RUS)"]
[Black "Hainke Guntram (GER)"]
[Result "1-0"]
[WhiteElo "2189"]
[BlackElo "2298"]

1.c4 c5 2.Nc3 Nc6 3.Nf3 g6 4.d4 cxd4 5.Nxd4 Bg7 6.e3 Nf6 7.Be2 O-O 8.O-O Qa5
9.Nb3 Qc7 10.e4 d6 11.Bg5 Be6 12.Rc1 Qd8 13.f3 Rc8 14.Nd5 Bxd5 15.cxd5 Qb6+
16.Kh1 Na5 17.Nxa5 Qxa5 18.Qb3 h6 19.Be3 b6 20.Qb5 Qxb5 21.Bxb5 e6 22.dxe6
fxe6 23.Kg1 Rfd8 24.Rfd1 d5 25.Rxc8 Rxc8 26.e5 Ne8 27.Bd7 Rd8 28.Bxe6+ Kh7
29.Bxd5 Bxe5 30.Bg8+ {#r} 1-0

[Event "It "]
[Site "Albena (Bulgaria)"]
[Date "2013.06.08"]
[Round "8"]
[White "Guempel Viktor (RUS)"]
[Black "Radulov Ivan (BUL)"]
[Result "1-0"]
[WhiteElo "2189"]
[BlackElo "2245"]

1.c4 c5 2.Nc3 Nc6 3.Nf3 g6 4.d4 cxd4 5.Nxd4 Bg7 6.e3 Nh6 7.Be2 Nxd4 8.exd4 Nf5
9.d5 d6 10.O-O O-O 11.Bg5 h6 12.Bf4 Bd7 13.Bd3 Rc8 14.Qd2 g5 15.Be3 Qa5 16.Qe2
Nxe3 17.Qxe3 e5 18.dxe6 Bxe6 19.Qe4 Rfe8 20.Qxb7 {#r} 1-0

[Event "Ch Slovakia (open)"]
[Site "Tatranske Matliare (Slovakia)"]
[Date "2013.06.08"]
[Round "8"]
[White "Kebis Milos (SVK)"]
[Black "Bakalar Jan (SVK)"]
[Result "0-1"]
[WhiteElo "1985"]
[BlackElo "2048"]

1.c4 c5 2.Nc3 Nc6 3.Nf3 g6 4.d4 cxd4 5.Nxd4 Bg7 6.e3 Nf6 7.Be2 O-O 8.O-O d6
9.b3 a6 10.Bb2 Rb8 11.Rc1 Bd7 12.Qd2 h5 13.Rfd1 Ng4 14.Nd5 Be5 15.f4 Nxd4
16.Bxd4 Bxd4 17.Qxd4 e5 18.Qc3 Qh4 19.Bxg4 Bxg4 20.Rf1 f6 21.e4 Be6 22.g3 Qh3
23.Ne3 h4 24.Rc2 hxg3 25.hxg3 Qxg3+ 26.Rg2 Qh4 27.f5 Bf7 28.Rg4 Qh3 29.Qe1 g5
30.Rf2 Bh5 31.Rgg2 Bf3 32.Rh2 Qg3+ 33.Ng2 d5 34.cxd5 Rbc8 35.Qe3 g4 36.Qh6 Kf7
37.Qg6+ Ke7 38.d6+ Kxd6 39.Rd2+ Kc6 40.Qh6 Bxg2 41.Rc2+ Kb6 42.Rxc8 Bh3+ {#R}
0-1

[Event "Ch Commonwealth (open)"]
[Site "Port Elizabeth (South Africa)"]
[Date "2013.07.09"]
[Round "5"]
[White "Kromhout Alexander (RSA)"]
[Black "Oatlhotse Providence (BOT)"]
[Result "0-1"]
[WhiteElo "2005"]
[BlackElo "2164"]

1.c4 c5 2.Nc3 Nc6 3.Nf3 e5 4.e4 Nf6 5.d3 h6 6.Be2 Bd6 7.O-O O-O 8.Ne1 a6 9.f4
exf4 10.Bxf4 Bxf4 11.Rxf4 d6 12.Nc2 Qe7 13.Qd2 Be6 14.Raf1 Nd7 15.a3 Rab8
16.Ne3 Nd4 17.Nf5 Bxf5 18.exf5 Nf6 19.Bd1 Rfe8 20.Re4 Qd8 21.Qf4 Rxe4 22.dxe4
Qe7 23.Re1 Qe5 24.Qxe5 dxe5 25.Na4 Nd7 26.f6 b5 27.Nc3 Nxf6 28.cxb5 axb5 29.b4
cxb4 30.axb4 Rc8 31.Re3 Rc4 32.Nd5 Rc1 33.Nc3 Nc2 34.Rd3 Nxb4 35.Rd8+ Kh7
36.Nxb5 Nxe4 37.h4 Nc6 38.Rd3 Nc5 39.Rd2 Nb3 40.Rd3 Nc5 41.Rd2 e4 {#R} 0-1

[Event "Memorial V.Dvorkovich (open)"]
[Site "Taganrog (Russia)"]
[Date "2013.07.22"]
[Round "1"]
[White "Serdyuk G (RUS)"]
[Black "Musalov Ruslan (RUS)"]
[Result "0-1"]
[WhiteElo "1974"]
[BlackElo "2365"]

1.c4 c5 2.Nc3 Nc6 3.Nf3 g6 4.e3 Bg7 5.d4 b6 6.Be2 Nf6 7.d5 Na5 8.Bd2 O-O 9.O-O
d6 10.Qc2 e5 11.dxe6 Bxe6 12.b3 d5 13.cxd5 Nxd5 14.Rad1 Nb4 15.Qb1 Qe7 16.Be1
Rad8 17.Rxd8 Rxd8 18.a3 Nbc6 19.Bb5 Qd6 20.Ne4 Qd5 21.Ned2 Qf5 22.e4 Qh5
23.Be2 Ne5 24.Qc2 Nxf3+ 25.Bxf3 Qe5 26.b4 Qc3 27.Qxc3 Bxc3 28.Nb1 Bxe1 29.Rxe1
cxb4 30.axb4 Nc6 31.b5 Nd4 32.Nc3 Nxf3+ 33.gxf3 Rd3 34.Re3 Rxe3 35.fxe3 Kf8
36.e5 Ke7 37.e4 Bc4 38.Kf2 Ke6 39.f4 g5 40.fxg5 Kxe5 41.Ke3 Bf1 42.h4 Bg2
43.h5 Bh1 44.Ne2 Bxe4 45.Nd4 Bg2 46.h6 Bb7 47.Nc6+ Bxc6 48.bxc6 Kd6 49.Kf4 a5
50.Kf5 a4 51.Kf6 a3 52.Kxf7 a2 53.Kg8 a1=Q 54.Kxh7 Qa7+ 55.Kg6 Ke6 56.h7 Qf7+
57.Kh6 Kf5 {#R} 0-1

[Event "It (open) (a)"]
[Site "Pardubice (Czech Republic)"]
[Date "2013.07.27"]
[Round "9"]
[White "Teske Henrik (GER)"]
[Black "Kanovsky David (CZE)"]
[Result "1-0"]
[WhiteElo "2540"]
[BlackElo "2404"]

1.c4 c5 2.Nc3 Nc6 3.e3 e5 4.Nf3 Nf6 5.d4 exd4 6.exd4 cxd4 7.Nxd4 Bb4 8.Be2 Ne4
9.Nb5 O-O 10.O-O Nxc3 11.bxc3 Bc5 12.Bf4 d6 13.Nxd6 Bxd6 14.Bxd6 Re8 15.c5 Be6
16.Rb1 b6 17.Bb5 Bd7 18.Qa4 Qc8 19.Ba6 Na5 20.Bxc8 Bxa4 21.Ba6 Bc2 22.Rb2 Be4
23.Rd1 Rad8 24.cxb6 axb6 25.Rxb6 h6 26.f3 Bc6 27.Rd4 Re1+ 28.Kf2 Ra1 29.a3 Rc1
30.Bb4 Rxd4 31.cxd4 Nb3 32.Rb8+ Kh7 33.Bd3+ g6 34.Be7 {#r} 1-0

[Event "It (open)"]
[Site "Geraardsbergen (Belgium)"]
[Date "2013.08.10"]
[Round "1"]
[White "Claesen Pieter (BEL)"]
[Black "Vanden Bussche Steven (BEL)"]
[Result "1-0"]
[WhiteElo "2349"]
[BlackElo "1706"]

1.c4 c5 2.Nc3 Nc6 3.Nf3 g6 4.e3 Bg7 5.d4 cxd4 6.exd4 d6 7.Be2 Bg4 8.O-O e6
9.d5 Ne5 10.Nxe5 Bxe2 11.Qa4+ Kf8 12.Nxf7 Kxf7 13.dxe6+ Kxe6 14.Re1 Nf6
15.Rxe2+ Kf7 16.Bf4 Nh5 17.c5 d5 18.Bd6 Re8 19.Rxe8 Qxe8 20.Qb3 Bxc3 21.Qxb7+
{#r} 1-0

[Event "Tournament (open)"]
[Site "Rio de Janeiro (Brazil)"]
[Date "2013.09.21"]
[Round "5"]
[White "Almeida Gianluca Jorio"]
[Black "Baeta Marcio Netto (BRA)"]
[Result "0-1"]
[WhiteElo "1662"]
[BlackElo "2068"]

1.c4 c5 2.Nc3 Nc6 3.Nf3 e5 4.g3 Nf6 5.Bg2 d5 6.cxd5 Nxd5 7.Nxe5 Nxc3 8.Nxc6
Nxd1 9.Nxd8 Nxf2 10.Nxf7 Nxh1 11.Nxh8 Nxg3 12.hxg3 Bd6 13.Be4 Bxg3+ 14.Kd1 Bg4
15.d3 c4 16.dxc4 O-O-O+ 17.Bd2 Rxh8 18.Bd3 h5 19.Kc2 Re8 20.e3 h4 21.Rh1 h3
22.Bf1 Rh8 23.Bc3 h2 24.Bg2 Rf8 25.Kd3 Rf2 26.Be4 g6 27.Bd4 Bf5 28.Bxf5+ gxf5
29.Bxa7 Rxb2 30.Bd4 Rxa2 31.e4 Ra3+ 32.Ke2 fxe4 33.c5 Rd3 34.Bf2 Bf4 35.Be1
Rf3 36.Bh4 Kd7 {#R} 0-1

[Event "Ch Bulgaria (team) (Gr. B)"]
[Site "Sunny Beach (Bulgaria)"]
[Date "2013.09.24"]
[Round "8"]
[White "Vatkovski Mitko (BUL)"]
[Black "Stavrev Nikolai (BUL)"]
[Result "0-1"]
[WhiteElo "1879"]
[BlackElo "2368"]

1.c4 c5 2.Nc3 Nc6 3.Nf3 g6 4.a3 Bg7 5.Qc2 b6 6.d3 Bb7 7.e4 d6 8.g3 Nf6 9.Bg2
O-O 10.O-O Ne8 11.Be3 Nc7 12.Rab1 Ne6 13.Ne2 Qd7 14.h3 f5 15.Ng5 Ned4 16.Nxd4
cxd4 17.Bd2 h6 18.Nf3 Qe6 19.Nh2 {#R} 0-1

[Event "Ch Europe (juniors) (under 14)"]
[Site "Budva (Montenegro)"]
[Date "2013.10.03"]
[Round "5"]
[White "Trubchaninov Timur (RUS)"]
[Black "Gonzalez Capacete Jose Miguel (ESP)"]
[Result "1-0"]
[WhiteElo "2066"]
[BlackElo "1922"]

1.c4 c5 2.Nc3 Nc6 3.Nf3 g6 4.e3 d6 5.d4 cxd4 6.Nxd4 Bg7 7.Be2 Nf6 8.O-O O-O
9.Nc2 Be6 10.e4 Na5 11.b3 Rc8 12.Nd4 a6 13.Be3 b5 14.Nxe6 fxe6 15.e5 Nd7
16.Bg4 Bxe5 17.Bxe6+ Kg7 18.Nd5 bxc4 19.Bxd7 Qxd7 20.Nb6 Qe6 21.Nxc8 Rxc8
22.Bd4 cxb3 23.Bxe5+ dxe5 24.axb3 Nxb3 25.Ra3 Nd4 26.Re3 Qf5 27.Qa4 Rc6 28.Qa5
e4 29.Qd8 Qe5 30.Qa8 Qe6 31.f3 Nf5 32.Rxe4 Qd5 33.Rfe1 e6 34.Qb7+ Kg8 35.Qb8+
Kf7 36.Qh8 Rc2 37.Qxh7+ Ng7 38.Rf4+ Ke8 39.Qxg6+ Kd8 40.Qxc2 {#r} 1-0

[Event "Ch Serbia (team) (2nd League) East"]
[Site "Zajecar (Serbia)"]
[Date "2013.10.10"]
[Round "1"]
[White "Maksimovic Boban (SRB)"]
[Black "Zivkovic Nikola (CRO)"]
[Result "1-0"]
[WhiteElo "2204"]
[BlackElo "2227"]

1.c4 c5 2.Nc3 Nc6 3.Nf3 g6 4.e3 Bg7 5.d4 cxd4 6.exd4 d6 7.h3 Bf5 8.d5 Ne5
9.Nd4 Bc8 10.Be3 Nf6 11.Be2 O-O 12.O-O Ned7 13.Rc1 Nc5 14.b4 Nce4 15.Nxe4 Nxe4
16.Qd3 Nf6 17.f4 Bd7 18.g4 Rc8 19.Bf3 a6 20.c5 dxc5 21.bxc5 Be8 22.Qb3 Rc7
23.Rfd1 Nd7 24.c6 Nb8 25.cxb7 Bd7 26.Nc6 Bxc6 27.dxc6 Qe8 28.Qb6 {#r} 1-0

[Event "It (open)"]
[Site "Jakarta (Indonesia)"]
[Date "2013.10.17"]
[Round "11"]
[White "Grigoryan Avetik (ARM)"]
[Black "Mohamad Ervan (INA)"]
[Result "1-0"]
[WhiteElo "2571"]
[BlackElo "2308"]

1.c4 c5 2.Nc3 Nc6 3.Nf3 g6 4.e3 Bg7 5.d4 cxd4 6.exd4 d6 7.d5 Nb8 8.h3 Nf6
9.Be2 O-O 10.O-O Na6 11.Be3 Nc5 12.Rc1 a5 13.b3 Bd7 14.Nd4 Nfe4 15.Nxe4 Nxe4
16.Re1 Nc5 17.Bf1 Re8 18.g3 Bf6 19.Rb1 Rb8 20.h4 h5 21.a3 e5 22.dxe6 Nxe6
23.Qd2 Nxd4 24.Bxd4 Rxe1 25.Rxe1 Bc6 26.Rd1 b5 27.Bxf6 Qxf6 28.Qxd6 Qxd6
29.Rxd6 bxc4 30.Rxc6 cxb3 31.Rc1 Kg7 32.f3 Kf6 33.Kf2 Ke5 34.Ke3 b2 35.Rb1
Rb3+ 36.Bd3 a4 37.Kd2 Kd4 38.Be2 f5 39.Bd1 Rd3+ 40.Kc2 Rxa3 41.Rxb2 Ke3 42.Rb6
Ra2+ 43.Kc3 Ra1 44.Bc2 Kxf3 45.Rxg6 Rg1 46.Rh6 Rxg3 47.Bd1+ Kf4+ 48.Kb2 Rh3
49.Rxh5 Kg3 50.Rxf5 Rxh4 51.Ra5 Rb4+ 52.Kc3 Rf4 53.Kd3 Rf7 54.Bxa4 Kf4 55.Kd4
Rf5 56.Ra8 Rg5 57.Bc2 Rg3 58.Rf8+ Kg5 59.Ke5 Rg4 60.Bf5 Rg3 61.Rb8 Re3+ 62.Be4
Rg3 63.Rh8 Rg4 64.Rf8 Rg3 65.Bf3 Kh4 66.Kf4 Rg4+ 67.Ke3 Rg5 68.Kf2 Re5 69.Rg8
Rf5 70.Rg6 Re5 71.Rg4+ Kh3 72.Rf4 Rg5 73.Rf8 {#r} 1-0

[Event "Ch Central American (juniors) (active)"]
[Site "Armenia (Colombia)"]
[Date "2013.11.05"]
[Round "1"]
[White "Rios Maldonado Javier"]
[Black "Hernandez Cristian Andres (COL)"]
[Result "0-1"]
[WhiteElo "1761"]
[BlackElo "2127"]

1.c4 c5 2.Nc3 Nc6 3.Nf3 g6 4.d4 cxd4 5.Nxd4 Bg7 6.e3 Nf6 7.Be2 O-O 8.O-O d6
9.Qc2 Bd7 10.b3 Rc8 11.Bf3 a6 12.Nxc6 bxc6 13.Rd1 Qc7 14.e4 Rfd8 15.Bb2 e5
16.Rd2 Bh6 17.Rdd1 Be6 18.Qd3 Ne8 19.c5 dxc5 20.Qxa6 Ra8 21.Qe2 Rdb8 22.Na4
Bf8 23.Qc2 c4 24.bxc4 Rxa4 25.Bxe5 Qxe5 26.Qxa4 c5 27.Rab1 Bg7 28.Rxb8 Qxb8
29.Qb5 Qc8 30.a4 Bd4 31.Be2 Nd6 32.Qb6 Nxe4 33.a5 Bd7 34.a6 Bc6 35.a7 Qf5
36.Bf3 Bxf2+ 37.Kf1 Qe6 38.Bxe4 Qxe4 39.Kxf2 Qxg2+ 40.Ke1 Qh1+ 41.Kd2 Qxh2+
42.Kc1 Qf4+ 43.Kb2 Qe5+ 44.Ka3 Qc3+ 45.Ka2 Qc2+ 46.Qb2 Qxd1 47.Qb8+ Kg7
48.a8=Q Bxa8 {#R} 0-1

[Event "It "]
[Site "George Town (Malaysia)"]
[Date "2013.12.13"]
[Round "9"]
[White "Dimakiling Oliver (PHI)"]
[Black "Calvelo Jelvis (PHI)"]
[Result "1-0"]
[WhiteElo "2376"]
[BlackElo "2106"]

1.c4 c5 2.Nc3 Nc6 3.Nf3 e5 4.e3 d6 5.d4 Bg4 6.d5 Nce7 7.h3 Bd7 8.Bd3 g6 9.e4
Bg7 10.g4 h6 11.Be3 Qa5 12.Nd2 a6 13.Qe2 g5 14.Nb3 Qb6 15.f3 Ng6 16.Qf2 Nf4
17.O-O-O Nxd3+ 18.Rxd3 Rc8 19.h4 f6 20.Ne2 Ne7 21.Ng3 Ng6 22.Nh5 Kf7 23.Kb1
Qd8 24.Rdd1 b5 25.Nd2 bxc4 26.Nxc4 Bb5 27.Rc1 Bxc4 28.Rxc4 Nxh4 29.Rxh4 gxh4
30.f4 Qd7 31.fxe5 Qxg4 32.Nxg7 Kxg7 33.Qxf6+ Kg8 34.exd6 Re8 35.d7 Qxd7 36.Rc1
Rh7 37.Bxh6 Rxh6 38.Qxh6 Qg4 39.d6 Qxe4+ 40.Ka1 Qg4 41.d7 Rd8 42.Re1 Qd4
43.Qg6+ {#r} 1-0

[Event "Tournament (open)"]
[Site "Batatais (Brazil)"]
[Date "2013.12.21"]
[Round "3"]
[White "Montufar Berrios Lesly Viviane"]
[Black "Beserra Juan Pablo de Carvalho"]
[Result "1-0"]
[WhiteElo "1720"]
[BlackElo "2037"]

1.c4 c5 2.Nc3 Nc6 3.Nf3 e5 4.e3 f5 5.d4 e4 6.Nd2 cxd4 7.exd4 Nf6 8.d5 Ne5
9.Nb3 d6 10.Be2 Bd7 11.Nd4 Rc8 12.b3 Be7 13.O-O O-O 14.f3 exf3 15.Bxf3 Qb6
16.Kh1 Ne4 17.Bxe4 fxe4 18.Be3 Ng4 19.Qd2 Nxe3 20.Qxe3 Bf6 21.Nce2 Bg4 22.Rxf6
Rxf6 23.Rd1 Rcf8 24.h3 Rf1+ 25.Rxf1 Rxf1+ 26.Ng1 Rd1 27.Qxe4 Bh5 28.Qe6+ Kf8
29.Qf5+ Bf7 30.Ne2 g6 31.Qc2 Rf1 32.Qd2 Qf2 33.Kh2 Kg8 34.Qg5 {#r} 1-0

[Event "It (open) "]
[Site "Zaragoza (Spain)"]
[Date "2013.12.26"]
[Round "1"]
[White "Torcal Andolz Alfonso (ESP)"]
[Black "Glavina Pablo (ARG)"]
[Result "0-1"]
[WhiteElo "1781"]
[BlackElo "2444"]

1.c4 c5 2.Nc3 Nc6 3.Nf3 Nd4 4.e3 Nxf3+ 5.Qxf3 g6 6.g3 Bg7 7.Bg2 Nh6 8.O-O O-O
9.b3 d6 10.Qd1 Nf5 11.Bb2 Rb8 12.Na4 e5 13.Nc3 a6 14.Nd5 b5 15.Rb1 Bd7 16.f4
bxc4 17.bxc4 Qa5 18.a4 Bxa4 19.Ra1 Bxd1 20.Rxa5 Be2 21.Ba1 Bxc4 22.Rc1 Bd3
23.fxe5 dxe5 24.Rcxc5 Rb1+ 25.Kf2 Rd1 26.Bc3 e4 27.Ra2 Nd6 28.Bxg7 Kxg7 29.Nc3
Rc1 30.Nxe4 Nxe4+ 31.Bxe4 Rxc5 32.Bxd3 a5 33.Be2 Ra8 34.d4 Rc3 35.Bf3 Ra6
36.d5 a4 37.Ke2 a3 38.Kd2 Rb3 39.Be4 Rb2+ 40.Rxb2 axb2 41.Bb1 Kf6 42.Kc3 Rb6
43.e4 Ke5 44.Kc4 h6 45.Kc3 f6 46.Kc4 g5 47.Kc3 Kd6 48.Kc2 Kc5 49.Ba2 Kd4 {#R}
0-1

[Event "It (open) "]
[Site "Schwaebisch Gmuend (Germany)"]
[Date "2014.01.04"]
[Round "6"]
[White "Carlstedt Jonathan (GER)"]
[Black "Miezis Normunds (LAT)"]
[Result "0-1"]
[WhiteElo "2442"]
[BlackElo "2511"]

1.c4 c5 2.Nc3 Nc6 3.Nf3 e5 4.e3 f5 5.d4 cxd4 6.exd4 e4 7.Ng5 Nf6 8.d5 Ne5
9.Qa4 Qb6 10.Qb5 Bc5 11.Qxb6 Bxb6 12.Nb5 O-O 13.Bf4 Ba5+ 14.Kd1 Nfg4 15.Nh3 a6
16.Nd4 Bb6 17.Nc2 d6 18.f3 Nf6 19.b4 Re8 20.Be2 Bd7 21.Kd2 Ba4 22.Ne3 g6
23.Bg5 exf3 24.gxf3 Nf7 25.Bxf6 Bxe3+ 26.Kc3 b5 27.Bd1 Bxd1 28.Raxd1 Rac8
29.c5 dxc5 30.d6 Bd4+ 31.Bxd4 cxd4+ 32.Kxd4 Rc4+ 33.Kd3 Nxd6 34.a3 Nf7 35.Rhe1
Ne5+ 36.Ke2 Rh4 37.Ng1 Rxh2+ 38.Ke3 Kf7 39.f4 Nc4+ 40.Kd4 Rd2+ 41.Rxd2 Rxe1
42.Rg2 Re4+ 43.Kc5 Rxf4 44.a4 bxa4 45.Nh3 Rh4 46.Ng5+ Kf6 47.Nf3 Rf4 48.Nd4
Ne5 49.Ra2 Nd3+ {#R} 0-1

[Event "It (open)"]
[Site "New Delhi (India)"]
[Date "2014.01.09"]
[Round "1"]
[White "Deshmukh Anup (IND)"]
[Black "Lalith Babu M R (IND)"]
[Result "0-1"]
[WhiteElo "2243"]
[BlackElo "2563"]

1.c4 c5 2.Nc3 Nc6 3.Nf3 g6 4.e3 Nf6 5.d4 cxd4 6.exd4 d5 7.cxd5 Nxd5 8.Bc4 Nxc3
9.Qb3 e6 10.bxc3 a6 11.Be2 Bg7 12.Ba3 Ne7 13.h4 h5 14.Ng5 b5 15.Bf3 Rb8 16.Bc5
Bb7 17.Rh3 O-O 18.Qa3 Re8 19.Bd6 Bxf3 20.Rxf3 b4 21.Bxb4 Nf5 22.g3 e5 23.Kf1
exd4 24.Qxa6 Qd5 25.c4 Qd7 26.a3 f6 27.Re1 Rxe1+ 28.Bxe1 fxg5 29.Qxg6 Rf8
30.Qxh5 gxh4 31.gxh4 Qe6 32.Bb4 Rf6 33.Rf4 Ne3+ {#R} 0-1

[Event "Ch Uzbekistan (1 liga)"]
[Site "Tashkent (Uzbekistan)"]
[Date "2014.03.01"]
[Round "1"]
[White "Faizulaev Akmal (UZB)"]
[Black "Jumanov Elbek (UZB)"]
[Result "1-0"]
[WhiteElo "2360"]
[BlackElo "2105"]

1.c4 c5 2.Nc3 Nc6 3.Nf3 Nf6 4.e3 g6 5.d4 cxd4 6.exd4 d5 7.cxd5 Nxd5 8.Qb3 Nxc3
9.Bc4 Nd5 10.Bxd5 e6 11.Bxc6+ bxc6 12.O-O Bg7 13.Qa3 Qe7 14.b3 c5 15.Bg5 f6
16.Bd2 cxd4 17.Bb4 Qd7 18.Rad1 d3 19.Ne1 Bf8 20.Nxd3 Bxb4 21.Nxb4 Qe7 22.Qa4+
Bd7 23.Nc6 Qf7 24.Rd6 O-O 25.Rfd1 Bxc6 26.Qxc6 Rac8 27.Qa6 Rfe8 28.g3 Rc7
29.Re1 Rce7 30.Rc1 Rd7 31.Rcc6 Rxd6 32.Rxd6 Kg7 33.Qc6 Re7 34.Rd8 Rc7 35.Qa8
e5 36.Kg2 Rd7 37.Rb8 f5 38.Qc6 Rc7 39.Qd6 Re7 40.h4 f4 41.Qd8 fxg3 42.fxg3 e4
43.Qd4+ Kh6 44.Qe3+ Kg7 45.h5 Qf3+ 46.Qxf3 exf3+ 47.Kxf3 gxh5 48.Rb5 Kg6
49.Ra5 Rf7+ 50.Kg2 Kh6 51.Kh3 Rd7 52.b4 Rd4 53.a3 Rd7 54.Rc5 Rd3 55.Ra5 Rd7
56.Rb5 Rd3 57.a4 Rd7 58.a5 Kg6 59.Rb8 Rd4 60.a6 Kh6 61.b5 Ra4 62.Rb7 Rb4
63.Rb8 Ra4 64.Rb7 Rb4 65.Kg2 Rb3 66.Rb8 Ra3 67.Rb7 Rb3 68.Kf2 Rb4 69.Kf3 Kg5
70.Rxa7 Rxb5 71.Rxh7 Ra5 72.a7 Ra3+ 73.Ke4 Kg4 74.Rg7+ Kh3 75.Kd5 Ra5+ 76.Kc6
Rxa7 77.Rxa7 Kxg3 78.Kd5 h4 79.Ke4 h3 80.Ke3 h2 81.Rg7+ Kh3 82.Kf2 h1=N+
83.Kf3 Kh2 84.Ra7 Kg1 85.Ra2 {#r} 1-0

[Event "It (open)"]
[Site "Krakow (Poland)"]
[Date "2014.04.27"]
[Round "1"]
[White "Bus Konrad (POL)"]
[Black "Darya Modeer Hamad (IRQ)"]
[Result "1-0"]
[WhiteElo "2016"]
[BlackElo "1849"]

1.c4 c5 2.Nc3 Nc6 3.Nf3 Nf6 4.e3 g6 5.d4 cxd4 6.exd4 d5 7.cxd5 Nxd5 8.Qb3 Nxc3
9.Bc4 Nd5 10.Bxd5 e6 11.Bxc6+ bxc6 12.O-O Qd5 13.Bf4 Qxb3 14.axb3 f6 15.Nd2
Bb4 16.Nc4 Bb7 17.Bd6 c5 18.Bxc5 Bxc5 19.dxc5 Bd5 20.Nd6+ Kd7 21.b4 a6 22.Ra4
Rhb8 23.Rfa1 h5 24.h3 e5 25.f3 f5 26.h4 Bc6 27.Rxa6 Rxa6 28.Rxa6 Rxb4 29.Nf7
Kc7 30.Nxe5 Be8 31.Re6 Ba4 32.Rxg6 Rxb2 33.Rg7+ Kc8 34.Nc4 Rb1+ 35.Kh2 Bc6
36.Nd6+ Kb8 37.Nxf5 Rc1 38.Nd4 Bd5 39.Rg5 Bf7 40.Ne2 Rc4 41.Kg3 {#r} 1-0